The development of flowers /

Guardado en:
Autor Principal: Greyson, Richard I.
Formato: Libro
Idioma:English
Publicado: New York : Oxford University Press, 1994.
Acceso en línea:Tabla de contenidos
Etiquetas: Agregar Etiqueta
Sin Etiquetas, Sea el primero en etiquetar este registro!
LEADER 00686cam a2200169 a 4500
001 EEA.libagro009407
005 20180315103020.0
008 930202s1994####nyua#####b####001#0#eng##
020 |a 019506688X 
082 0 0 |a 582.13043 
100 1 |a Greyson, Richard I. 
245 1 4 |a The development of flowers /  |c Richard I. Greyson ; with a contribution by Carl N. McDaniel. 
260 |a New York :  |b Oxford University Press,  |c 1994. 
300 |a vi, 314 p. :  |b il. ;  |c 24 cm. 
504 |a Incluye referencias bibliográficas (p. 267-307) e índice. 
856 |u http://catdir.loc.gov/catdir/enhancements/fy0638/93022316-t.html  |3 Tabla de contenidos 
859 |a AR-BbBCA  |b BIB. AGRONOMIA  |h 582.13043  |i G845  |p 1997/2920